000 00769nam a22002177a 4500
005 20180410152337.0
010 _aB-690888-889
020 _a9789384401108
_c160.00
035 _aB-690888-889
037 _aDPL
_bPancy
082 _a921
245 _aSwami Vivekananda:
_ba biography /
_cEdited by Kaushal K. Goyal
260 _aNew Delhi
_bPigeon Books India
_c2015
270 _a16, Ansari Road,Daryaganj,
_bNew Delhi
_e110002
300 _a164p.
_b20cmpbk)
_cill.
490 _aPigeon Biography Series
500 _aBalidani
700 _aGoyal, Kaushal K.
942 _2ddc
_cEN
_h921
_mSWA
999 _c150932
_d150932